00679nam a22001217a 4500008004100000020001500041050002900056245035300085260004300438300002400481440003500505800001700540140822b xxu||||| |||| 00| 0 eng d a0406091544 aKD277.7.L39(1887 vol.19) aThe Law Reports (1887 vol.19) Queen's Bench Division: Under the superintendence and control of the incorporated council of law reporting for england and wales. Supreme court of judicature cases determined in the queen's bench division and on appeal therefrom in the court of appeal, and decisions on crown cases reserved. /cEdited by: A. P. Stone. aLondon:bButterworth & Co. Ltd,c1887. axvii, 683p.:c24cm. pQueen's Bench Divisionvvol 19 aStone, A. P.